000 00870pam a2200253 a 4500
001 1652903
005 20241214162133.0
008 970422s1998 mdua b 001 0 eng c
020 _a9780683300758
050 0 0 _aQM451
_b.D46 1998
082 0 0 _a611/.8
_221
100 1 _aDeMyer, William,
_d1924-
245 1 0 _aNeuroanatomy /
_cWilliam DeMyer.
250 _a2nd ed.
260 _aBaltimore :
_bWilliams & Wilkins,
_cc1998.
300 _axi, 463 p. :
_bill. ;
_c26 cm.
440 4 _aThe National medical series for independent study
650 0 _aNeuroanatomy
_xOutlines, syllabi, etc.
650 0 _aNeuroanatomy
_xExaminations, questions, etc.
650 1 2 _aNeuroanatomy
_xexamination questions.
650 1 2 _aNeuroanatomy
_xoutlines.
856 4 2 _3Publisher description
_uhttp://www.loc.gov/catdir/enhancements/fy0712/97018904-d.html
942 _2lcc
_cBK
_e2nd ed.
_n0
999 _c2239
_d2239